Statistiques concernant 🎶 Paroles "Clémence en vacances" Anne Sylvestre

Cliquez ici pour prendre le quiz!

Statistiques générales

  • Ce quiz a été pris 19 fois
  • Le résultat moyen est 276 sur 331

Statistiques - réponses

Mots% Correct
A
100%
a
100%
à
100%
c'
100%
C'
100%
ce
100%
d'
100%
D'
100%
De
100%
de
100%
des
100%
Elle
100%
elle
100%
en
100%
Est
100%
est
100%
et
100%
j'
100%
Jean
100%
l'
100%
me
100%
N'
100%
n'
100%
Pierre-
100%
s'
100%
Va
100%
va
100%
ai
93%
au
93%
Ça
93%
Clémence
93%
Clémence...
93%
il
93%
La
93%
93%
la
93%
le
93%
Le
93%
les
93%
on
93%
On
93%
Ou
93%
par
93%
plus
93%
qu'
93%
Qu'
93%
Que
93%
qui
93%
Qui
93%
Se
93%
Son
93%
son
93%
vacances
93%
assez
86%
Bien
86%
bien
86%
Comme
86%
comme
86%
Dans
86%
dans
86%
dire
86%
dit
86%
Elles
86%
fait
86%
Honoré
86%
ne
86%
pris
86%
rien
86%
tout
86%
toutes
86%
Toutes
86%
bouchère
79%
brave
79%
enfance
79%
enfin
79%
eu
79%
faire
79%
folle
79%
gamin
79%
Je
79%
lui
79%
Mais
79%
maîtresse
79%
Paraît
79%
pas
79%
pharmacien
79%
pu
79%
Quand
79%
ses
79%
tête
79%
Un
79%
un
79%
une
79%
urgent
79%
voisin
79%
aucun
71%
avait
71%
Avait
71%
Avec
71%
bouton
71%
commissions
71%
cousu
71%
cuisine
71%
devenue
71%
dommage
71%
école
71%
encore
71%
était
71%
fauteuil
71%
gendre
71%
grand-
71%
linge
71%
maison
71%
ménage
71%
moi
71%
oeil
71%
passé
71%
peu
71%
remords
71%
répond
71%
reposeraient
71%
Si
71%
sourire
71%
Sur
71%
ait
64%
apprit
64%
bon
64%
chute
64%
dérange
64%
dispute
64%
Doit
64%
entendre
64%
feraient
64%
fort
64%
gens
64%
histoire
64%
interrogea
64%
Loin
64%
malice
64%
mauvaise
64%
mère
64%
parfois
64%
Parfois
64%
perdu
64%
Prendraient
64%
Puis
64%
quelque
64%
sage
64%
seraient
64%
suis
64%
veuille
64%
apothicaire
57%
bas
57%
commencent
57%
coudre
57%
essaie
57%
étendre
57%
étrange
57%
handicaper
57%
idée
57%
jambes
57%
maladie
57%
mères
57%
Pourrait
57%
reste
57%
selon
57%
sembla
57%
simplement
57%
vieux
57%
abord
50%
ayant
50%
bord
50%
certains
50%
couramment
50%
flambe
50%
raison
50%
salue
50%
braves
43%
inquiéter
43%
parler
43%
voisinage
43%
rire
36%

Distribution des résultats

Percentile par nombre de réponses

% des personnes avec chaque résultat

Votre développement - résultats

Vous n’avez pas pris ce quiz